[Event "WYCC 2018 O16"]
[Site "Halkidiki"]
[Date "2018.10.20"]
[Round "1"]
[White "Yakubboev, Nodirbek"]
[Black "Sargsyan, Tigran R."]
[Result "1-0"]
[WhiteElo "2522"]
[BlackElo "2218"]
[Annotator "TA"]
[PlyCount "73"]
[EventDate "2018.10.20"]
[EventType "swiss"]
[EventCountry "GRE"]
[SourceTitle "playchess.com"]
[Source "ChessBase"]
[SourceQuality "1"]

{[%evp 18,73,20,12,12,17,6,9,6,0,4,-10,32,36,31,36,25,29,67,70,193,181,172,172,191,208,264,51,138,156,157,119,164,158,180,168,173,156,340,325,323,318,289,266,610,613,582,597,999,453,441,430,453,449,444,439,29963,29960]} 1. c4 c6 2. d4 d5 3. Nf3 Nf6 4. e3 Bg4 5. h3 Bh5 6. g4 {D11: Damengambit (Slawische Verteidigung)} (6. Nc3 e6 7. g4 Bg6 8. Ne5 Nbd7 9. Nxg6 hxg6 10. g5 Ng8 11. h4 Bb4 12. Qb3 Bxc3+ 13. bxc3 Ne7 14. Ba3 Nb6 15. Bxe7 Qxe7 {½-½ (85) Ding,L (2774)-Carlsen,M (2837) Saint Louis 2017}) 6... Bg6 7. Ne5 e6 8. Nd2 Nbd7 9. Nxg6 hxg6 10. Bg2 {LiveBook: 54 Partien} g5 11. O-O Be7 12. Re1 Nf8 13. e4 Ng6 14. Qb3 $146 ({Vorgänger:} 14. cxd5 exd5 {0-1 (47) Huber,M (2372)-Vocaturo,D (2620) Batumi 2018}) 14... Qb6 15. exd5 cxd5 16. Nf3 $36 {[%mdl 2048] Weiss hat gut koordiniertes Spiel.} dxc4 17. Qxc4 Qb4 18. Qc2 Nf4 (18... Nh4 $14 19. Bxg5 Nxg2 20. Kxg2 Nd5) 19. Bxf4 $1 $18 gxf4 {[#]} 20. g5 $1 {[%cal Bg4g5,Bg5g6][%mdl 32]} Nd5 21. g6 Bf6 22. Qf5 $2 (22. Ne5 $18 Ne7 23. a3 (23. Nxf7 O-O $18)) 22... Kf8 {[#]} (22... O-O-O $1 $14 23. Qc2+ Kb8) 23. Qg4 $1 $16 {Und weiter mit gxf7 wäre nett.} Re8 24. Re2 Rh6 25. gxf7 Kxf7 26. Rae1 {Droht Sg5+ und aus.} Qd6 27. h4 Kg8 $2 (27... Nc7 $16 {war angesagt.} 28. Re4 Kg8) 28. Rxe6 $18 Rxe6 29. Rxe6 Qd7 {Droht stark ...Sc7.} 30. Ne5 {Droht Matt per Lxd5.} Bxe5 $2 (30... Ne3 31. fxe3 Bxe5) 31. Bxd5 $1 Qxd5 32. Rxh6 ({Minderwertig wäre} 32. Rxe5 Qxd4 33. Qc8+ Kh7 $11) 32... Bxd4 33. Qe6+ (33. Qc8+ $142 Kf7 34. Qc7+ Kg8 35. Rd6) 33... Qxe6 34. Rxe6 Bxb2 {KT-KL} 35. Re7 Bf6 36. Rxb7 Bxh4 (36... Bd4 $18 37. Kg2 Bc5) 37. Rxa7 {Precision: Weiß = 71%, Schwarz = 20%.} 1-0

[Event "WYCC 2018 O16"]
[Site "Halkidiki"]
[Date "2018.10.20"]
[Round "1"]
[White "Matviishen, Viktor"]
[Black "Filgueiras, Nathan Felipe"]
[Result "1-0"]
[WhiteElo "2476"]
[BlackElo "2188"]
[Annotator "TA"]
[PlyCount "63"]
[EventDate "2018.10.20"]
[EventType "swiss"]
[EventCountry "GRE"]
[SourceTitle "playchess.com"]
[Source "ChessBase"]
[SourceQuality "1"]

{[%evp 9,63,43,41,37,50,43,64,74,92,93,130,128,168,160,173,177,210,183,169,31,69,98,237,227,236,237,258,241,438,437,391,272,272,268,262,258,339,337,318,334,283,146,312,286,299,291,289,308,326,302,508,508,490,371,362,355]} 1. e4 c5 2. Nf3 Nc6 3. Bb5 {[%cal Bf1b5,Bb5a4,Ba4b3][%mdl 32]} e5 4. O-O Bd6 5. c3 a6 6. Ba4 {B30: Sicilian: 2...Nc6 3 Bb5, lines without ...g6} b5 7. Bb3 (7. Bc2 Nge7 8. a4 Rb8 9. axb5 axb5 10. d4 cxd4 11. cxd4 Nxd4 12. Nxd4 exd4 {0-1 (44) Bologan,V (2640)-Korobov,A (2695) Poikovsky 2017}) 7... Nf6 8. d4 {White is slightly better.} cxd4 $146 ({Predecessor:} 8... Qb6 9. Bg5 cxd4 10. cxd4 Nxd4 11. Nxd4 exd4 {1-0 (25) Svrsek,R (2143)-Avellan,G (2074) LSS email 2012}) 9. cxd4 Qc7 10. dxe5 Nxe5 11. Nxe5 Bxe5 12. f4 $1 {[%cal Rf4e5,Bf2f4,Bf4f5,Bf5f6][%mdl 32]} Qb6+ 13. Kh1 Bd4 14. Nc3 ({White has to play} 14. Nd2 $1 $18) 14... Bb7 15. e5 $36 {[%mdl 2048] Black is under strong pressure.} Ne4 (15... Qc6 $16 16. Qe2 (16. Rf3 Bxc3 17. bxc3 Ng4 $14) 16... Ne4 17. Qxe4 Qxe4 18. Nxe4 Bxe4) 16. Nxe4 $1 $18 Bxe4 {[#]} 17. f5 $1 O-O 18. Qg4 Bb7 $2 (18... Qc6 {keeps fighting.}) 19. f6 $1 {[%csl Gf6][%cal Rg4g7]} g6 20. Bh6 Bxe5 21. Bxf8 ({Inferior is} 21. Qxd7 Rad8 $11) 21... Rxf8 22. Qxd7 Qc6 {[%csl Gb7][%cal Rc6g2]} 23. Qd2 Bxf6 {[#]} 24. Rac1 $1 {[%cal Rc1c6]} Qb6 25. Qd7 (25. Qf2 $18 Qxf2 26. Rxf2) 25... Be4 $2 {[#]} (25... Kg7 $16 26. Rxf6 Bxg2+ 27. Kxg2 Qxf6) 26. Bxf7+ $1 {[%mdl 512]} Rxf7 27. Qe8+ Kg7 28. Qxe4 Re7 29. Qf3 Qd4 $2 (29... Re6 {was necessary.} 30. Qa8 Bd8) 30. Rc6 {[%cal Rc6f6]} Rf7 31. b3 a5 32. Qe2 {Precision: White = 69%, Black = 28%.} 1-0

[Event "WYCC 2018 O16"]
[Site "Halkidiki"]
[Date "2018.10.20"]
[Round "1"]
[White "Horvath, Dominik"]
[Black "Fossan, Aleksander"]
[Result "1-0"]
[WhiteElo "2447"]
[BlackElo "2173"]
[Annotator "ChessBase"]
[PlyCount "95"]
[EventDate "2018.10.20"]
[EventType "swiss"]
[EventCountry "GRE"]
[SourceTitle "playchess.com"]
[Source "ChessBase"]
[SourceQuality "1"]
[TimeControl "40/5400+30:1800+30"]

1. Nf3 {[%emt 0:00:00]} c5 {[%emt 0:00:00]} 2. c4 {[%emt 0:00:00]} Nc6 {[%emt 0:00:00]} 3. d4 {[%emt 0:01:35]} cxd4 {[%emt 0:00:07]} 4. Nxd4 {[%emt 0:00:04]} e5 {[%emt 0:02:00]} 5. Nb5 {[%emt 0:00:32]} a6 {[%emt 0:00:11]} 6. Nd6+ {[%emt 0:04:34]} Bxd6 {[%emt 0:00:07]} 7. Qxd6 {[%emt 0:00:03]} Qe7 {[%emt 0:00:12]} 8. Qd1 {[%emt 0:13:09]} Qb4+ {[%emt 0:10:11]} 9. Nd2 {[%emt 0:05:32]} Nf6 {[%emt 0:00:45]} 10. a3 {[%emt 0:01:29]} Qa5 {[%emt 0:01:12]} 11. e3 {[%emt 0:04:11]} O-O {[%emt 0:04:56]} 12. Be2 {[%emt 0:07:22]} d5 {[%emt 0:06:17]} 13. O-O {[%emt 0:01:50]} Be6 {[%emt 0:05:05]} 14. b4 {[%emt 0:01:13]} Qc7 {[%emt 0:01:06]} 15. cxd5 {[%emt 0:01:12]} Bxd5 {[%emt 0:00:48]} 16. Bb2 {[%emt 0:00:18]} Rfd8 {[%emt 0:02:23]} 17. Qe1 {[%emt 0:06:28]} Qe7 {[%emt 0:10:06]} 18. Rc1 {[%emt 0:03:50]} e4 {[%emt 0:02:27]} 19. Nc4 {[%emt 0:05:54]} Bxc4 {[%emt 0:01:32]} 20. Rxc4 {[%emt 0:02:24]} Ne5 {[%emt 0:04:04]} 21. Rd4 {[%emt 0:01:21]} Rac8 {[%emt 0:10:51]} 22. Qd2 {[%emt 0:06:23]} Rxd4 {[%emt 0:02:47]} 23. Bxd4 {[%emt 0:00:26]} Qc7 {[%emt 0:02:18]} 24. h3 {[%emt 0:05:33]} Nc4 {[%emt 0:08:47]} 25. Bxc4 {[%emt 0:02:30]} Qxc4 {[%emt 0:00:08]} 26. Bxf6 {[%emt 0:00:03]} gxf6 {[%emt 0:00:04]} 27. Qd7 {[%emt 0:00:33]} Qc6 {[%emt 0:03:05]} 28. Qg4+ {[%emt 0:00:51]} Kh8 {[%emt 0:00:01]} 29. Rd1 {[%emt 0:01:48]} Rg8 {[%emt 0:01:42]} 30. Qf4 {[%emt 0:00:10]} Rg6 {[%emt 0:05:51]} 31. h4 {[%emt 0:04:33]} Qe6 {[%emt 0:08:08]} 32. h5 {[%emt 0:01:53]} Rg5 {[%emt 0:02:24]} 33. h6 {[%emt 0:01:28]} Qe5 {[%emt 0:01:12]} 34. Rd8+ {[%emt 0:00:54]} Rg8 {[%emt 0:00:14]} 35. Qg4 {[%emt 0:01:58]} Qg5 {[%emt 0:01:58]} 36. Rxg8+ {[%emt 0:00:33]} Qxg8 {[%emt 0:00:01]} 37. Qxe4 {[%emt 0:00:34]} Qd8 {[%emt 0:01:29]} 38. g3 {[%emt 0:01:12]} b5 {[%emt 0:01:10]} 39. Qb7 {[%emt 0:00:52]} Kg8 {[%emt 0:00:27]} 40. Qe4 {[%emt 0:00:00]} Qf8 {[%emt 0:00:00]} 41. Qf4 {[%emt 0:02:17]} Qd8 {[%emt 0:01:37]} 42. Qg4+ {[%emt 0:00:11]} Kf8 {[%emt 0:00:14]} 43. Qg7+ {[%emt 0:00:09]} Ke7 {[%emt 0:00:05]} 44. Qxh7 {[%emt 0:00:23]} Qd1+ {[%emt 0:00:07]} 45. Kg2 {[%emt 0:00:04]} Qd5+ {[%emt 0:00:19]} 46. e4 Qg5 {[%emt 0:00:30]} 47. Qg7 {[%emt 0:00:20]} Qe5 {[%emt 0:00:31]} 48. Qg4 1-0

[Event "WYCC 2018 O16"]
[Site "Halkidiki"]
[Date "2018.10.20"]
[Round "1"]
[White "Engel, Luis"]
[Black "Petkov, Matey"]
[Result "1-0"]
[WhiteElo "2441"]
[BlackElo "2164"]
[Annotator "TA"]
[PlyCount "101"]
[EventDate "2018.10.20"]
[EventType "swiss"]
[EventCountry "GRE"]
[SourceTitle "playchess.com"]
[Source "ChessBase"]
[SourceQuality "1"]

{[%evp 23,101,94,115,90,93,111,149,138,156,-8,70,64,70,80,81,72,75,87,80,74,123,118,112,77,88,85,88,68,68,71,74,47,47,56,53,53,58,58,56,58,64,67,66,66,67,67,69,66,123,114,135,121,121,127,128,133,253,231,275,158,156,150,232,226,241,194,685,645,1288,1689,29974,29975,29973,29967,29996,29984,29997,29998,29998,29999]} 1. e4 e5 2. Nf3 d6 3. d4 exd4 4. Nxd4 Nf6 5. Nc3 Be7 6. Bf4 O-O 7. Qd2 c6 8. O-O-O b5 {C41: Philidor Defence} 9. f3 b4 10. Na4 Qa5 11. b3 c5 12. Nb5 {[%cal Bd4b5,Bb5d6,Bd6f5][%mdl 32]} Bd7 {LiveBook: 3 Games} 13. Nxd6 Bxa4 14. bxa4 {Hoping for Nf5.} (14. Nf5 Nc6 15. bxa4 Rfd8 16. Qe3 Rxd1+ 17. Kxd1 {0-1 (35) Cernousek,L (2464)-Plat,V (2566) Ostrava 2018}) 14... Qxa4 15. Bc4 $146 {aiming for Kb1.} ({Predecessor:} 15. Kb1 Bxd6 16. Bxd6 {1-0 (35) Kanmazalp,O (2412)-Yefimov,M (2138) Pardubice 2014}) 15... Nc6 16. e5 $2 (16. Nf5 $16) 16... Nh5 (16... Nd7 $11) 17. Nf5 {And now Be3 would win.} Nxf4 18. Qxf4 Rae8 {Threatening ...Nxe5!} 19. Rhe1 $1 Nd4 20. Nxd4 cxd4 21. Rxd4 Qa3+ 22. Kb1 Qc3 23. Qd2 (23. Ree4 {feels hotter.} Rd8 24. Rd3 Rxd3 25. cxd3 Bc5 26. Qc1) 23... Qxd2 24. Rxd2 {Threatens to win with e6.} Rd8 25. Red1 Rxd2 26. Rxd2 $14 {[%mdl 4096] Endgame KRB-KRB} Rd8 27. Bd5 Kf8 28. f4 Bc5 29. g3 a5 30. Kb2 a4 31. c3 Ke7 32. cxb4 Bxb4 33. Rd4 Bc5 34. Rd1 Rb8+ 35. Kc3 Rc8 ({Black should try} 35... f6 $14) 36. Kd3 $16 a3 37. Rb1 {Rb7+ is the strong threat.} Rc7 38. Ke4 h5 39. Rb8 Bg1 {[#]} (39... g6 $16 40. f5 gxf5+ 41. Kxf5 Bd4) 40. h3 $1 $18 Bf2 41. Rb3 (41. g4 $18) 41... Ra7 42. Kf5 h4 {[#]} (42... g6+ $16 43. Ke4 f6 44. exf6+ Kxf6) 43. g4 $1 Bg3 44. Rb4 Rd7 $2 {[#]} (44... Bf2 45. Rb8 g6+ 46. Kg5 Rc7) 45. Bxf7 $1 {[%mdl 512]} Rd3 (45... Kxf7 46. e6+) 46. e6 Re3 47. Rd4 {White mates.} Be1 48. Kg6 Bc3 49. Rd7+ Kf8 {[#]} 50. e7+ $1 Rxe7 51. Rd8+ {Precision: White = 74%, Black = 40%.} 1-0

[Event "WYCC 2018 O16"]
[Site "Halkidiki"]
[Date "2018.10.20"]
[Round "1"]
[White "Vlachos, Anatole"]
[Black "Lou, Vincent"]
[Result "1-0"]
[WhiteElo "2435"]
[BlackElo "2155"]
[Annotator "NA"]
[PlyCount "95"]
[EventDate "2018.10.20"]
[EventType "swiss"]
[EventCountry "GRE"]
[SourceTitle "playchess.com"]
[Source "ChessBase"]
[SourceQuality "1"]
[TimeControl "40/5400+30:1800+30"]

1. d4 {[%emt 0:00:00]} Nf6 {[%emt 0:00:00]} 2. Bg5 {[%emt 0:00:00]} g6 {[%emt 0:00:00]} 3. Bxf6 {[%emt 0:00:00]} exf6 {[%emt 0:00:00]} 4. e3 {[%emt 0:00:20]} b6 {[%emt 0:00:27]} 5. h4 {[%emt 0:01:16]} h5 {[%emt 0:01:44]} 6. Be2 {[%emt 0:07:30]} Bb7 {[%emt 0:03:40]} 7. Bf3 {[%emt 0:00:55]} c6 {[%emt 0:00:44]} 8. Ne2 {[%emt 0:00:35]} Bg7 {[%emt 0:00:36]} 9. c4 {[%emt 0:01:43]} d6 {[%emt 0:03:40]} 10. Nbc3 {[%emt 0:00:10]} Nd7 {[%emt 0:02:02]} 11. b4 {[%emt 0:07:07]} Qc7 {[%emt 0:09:53]} 12. b5 {[%emt 0:01:38]} c5 {[%emt 0:01:49]} 13. Nd5 {[%emt 0:00:14]} Qb8 {[%emt 0:03:27]} 14. Nef4 {[%emt 0:04:36]} f5 {[%emt 0:03:20]} 15. O-O {[%emt 0:03:16]} Nf6 {[%emt 0:10:47]} 16. a4 {[%emt 0:00:13]} Nxd5 {[%emt 0:08:04]} 17. Nxd5 {[%emt 0:03:22]} O-O {[%emt 0:07:33]} 18. dxc5 {[%emt 0:02:45]} dxc5 {[%emt 0:01:42]} 19. Ra3 {[%emt 0:01:14]} Re8 {[%emt 0:08:43]} 20. g3 {[%emt 0:02:10]} ({White should play} 20. a5 $16) 20... Qe5 {[%emt 0:11:33]} 21. a5 {[%emt 0:01:19]} Rad8 {[%emt 0:01:25]} 22. axb6 {[%emt 0:10:44]} axb6 {[%emt 0:00:17]} 23. Ra7 {[%emt 0:00:06]} Bc8 {[%emt 0:03:36]} 24. Qc2 {[%emt 0:03:11]} Rd6 {[%emt 0:02:28]} 25. Rd1 {[%emt 0:01:24]} Bf8 {[%emt 0:04:19]} 26. Qa2 {[%emt 0:03:54]} Red8 {[%emt 0:04:42]} 27. Ra8 {[%emt 0:01:44]} R6d7 {[%emt 0:04:11]} 28. Qa4 {[%emt 0:02:27]} Qe6 {[%emt 0:00:52]} 29. Rb8 {[%emt 0:01:16]} Bb7 {[%emt 0:01:34]} 30. Rxd8 {[%emt 0:00:55]} Rxd8 {[%emt 0:00:29]} 31. Qa7 {[%emt 0:00:12]} Ba8 {[%emt 0:01:19]} ({Black should play} 31... Rd7 $1 $14) 32. Rd2 {[%emt 0:03:04]} Bxd5 $18 {[%emt 0:00:29]} (32... f4 $16) 33. Bxd5 {[%emt 0:00:02]} Rd7 {[%emt 0:00:19]} 34. Qa8 {[%emt 0:02:02]} Qf6 {[%emt 0:00:39]} 35. Ra2 {[%emt 0:00:54]} Qd8 {[%emt 0:00:34]} 36. Qxd8 {[%emt 0:00:27]} Rxd8 {[%emt 0:00:05]} 37. Ra7 {[%emt 0:00:02]} Rb8 {[%emt 0:00:55]} 38. Rxf7 {[%emt 0:00:53]} Kh8 {[%emt 0:00:26]} 39. e4 {[%emt 0:00:20]} fxe4 {[%emt 0:00:33]} 40. Bxe4 {[%emt 0:00:00]} Rd8 {[%emt 0:00:00]} 41. Bxg6 {[%emt 0:00:38]} Bg7 {[%emt 0:00:53]} 42. Bxh5 {[%emt 0:00:34]} Rd4 {[%emt 0:01:02]} 43. Be2 {[%emt 0:00:07]} Rd2 {[%emt 0:00:40]} 44. Kf1 {[%emt 0:00:56]} Rc2 {[%emt 0:01:15]} 45. h5 {[%emt 0:00:24]} Bd4 {[%emt 0:00:37]} 46. h6 {[%emt 0:01:52]} Rc1+ {[%emt 0:00:54]} 47. Kg2 {[%emt 0:00:01]} Rc2 {[%emt 0:00:14]} 48. Rf8+ {[%emt 0:00:02]} 1-0

[Event "WYCC 2018 O16"]
[Site "Halkidiki"]
[Date "2018.10.20"]
[Round "1"]
[White "Zarubitski, Viachaslau"]
[Black "Bulockin, Martin"]
[Result "1-0"]
[WhiteElo "2417"]
[BlackElo "2144"]
[Annotator "ChessBase"]
[PlyCount "89"]
[EventDate "2018.10.20"]
[EventType "swiss"]
[EventCountry "GRE"]
[SourceTitle "playchess.com"]
[Source "ChessBase"]
[SourceQuality "1"]
[TimeControl "40/5400+30:1800+30"]

1. e4 {[%emt 0:00:00]} c5 {[%emt 0:00:09]} 2. Nf3 {[%emt 0:00:00]} d6 {[%emt 0:00:00]} 3. d4 {[%emt 0:00:00]} cxd4 {[%emt 0:00:00]} 4. Nxd4 {[%emt 0:00:00]} Nf6 {[%emt 0:00:00]} 5. Nc3 {[%emt 0:00:00]} Nc6 {[%emt 0:00:08]} 6. Bg5 {[%emt 0:00:00]} Bd7 {[%emt 0:00:38]} 7. Qd2 {[%emt 0:00:27]} a6 {[%emt 0:01:18]} 8. O-O-O {[%emt 0:01:20]} e6 {[%emt 0:00:37]} 9. f3 {[%emt 0:00:57]} Be7 {[%emt 0:05:50]} 10. Kb1 {[%emt 0:06:00]} b5 {[%emt 0:01:23]} 11. h4 {[%emt 0:00:53]} h6 {[%emt 0:00:50]} 12. Be3 {[%emt 0:00:56]} h5 {[%emt 0:02:40]} 13. Nxc6 {[%emt 0:11:38]} Bxc6 {[%emt 0:01:02]} 14. Bg5 {[%emt 0:00:15]} b4 {[%emt 0:18:19]} 15. Ne2 {[%emt 0:00:46]} d5 {[%emt 0:00:20]} 16. Nd4 {[%emt 0:02:14]} Bb7 {[%emt 0:00:21]} 17. e5 {[%emt 0:00:30]} Nd7 {[%emt 0:00:16]} 18. Bxe7 {[%emt 0:01:25]} Qxe7 {[%emt 0:00:01]} 19. f4 {[%emt 0:00:06]} g6 {[%emt 0:04:00]} 20. Rh3 {[%emt 0:05:26]} Nb6 {[%emt 0:23:53]} 21. Be2 {[%emt 0:04:29]} Rc8 {[%emt 0:01:36]} 22. Rdh1 {[%emt 0:09:53]} Nc4 {[%emt 0:03:41]} 23. Qd1 {[%emt 0:00:47]} Qc5 {[%emt 0:01:49]} 24. g4 {[%emt 0:00:40]} hxg4 {[%emt 0:00:49]} 25. Bxg4 {[%emt 0:00:05]} Ke7 {[%emt 0:01:05]} 26. h5 {[%emt 0:26:44]} gxh5 {[%emt 0:02:43]} 27. Bxh5 {[%emt 0:00:11]} Rcf8 {[%emt 0:06:37]} 28. Qg1 {[%emt 0:05:54]} Nd2+ {[%emt 0:03:02]} 29. Ka1 {[%emt 0:04:37]} Ne4 {[%emt 0:00:26]} 30. Qe3 {[%emt 0:01:39]} Bc8 {[%emt 0:03:15]} 31. Bf3 {[%emt 0:02:57]} Rxh3 {[%emt 0:00:45]} 32. Rxh3 {[%emt 0:00:00]} Qc4 {[%emt 0:00:45]} 33. Be2 {[%emt 0:01:24]} Qc7 {[%emt 0:00:41]} 34. Qg1 {[%emt 0:01:34]} Bd7 {[%emt 0:03:45]} 35. Rh7 {[%emt 0:02:28]} Qb8 {[%emt 0:02:37]} 36. Bh5 {[%emt 0:01:26]} Be8 {[%emt 0:04:24]} 37. Bf3 {[%emt 0:02:32]} Bd7 {[%emt 0:01:55]} 38. Bh5 {[%emt 0:04:44]} Be8 {[%emt 0:00:02]} 39. Bf3 {[%emt 0:02:24]} Bd7 {[%emt 0:00:20]} 40. Bxe4 {[%emt 0:00:00]} dxe4 {[%emt 0:00:00]} 41. Qg5+ {[%emt 0:16:47]} Ke8 {[%emt 0:00:09]} 42. Rh1 {[%emt 0:01:01]} Qb6 {[%emt 0:07:53]} 43. Rd1 {[%emt 0:00:55]} Rh8 {[%emt 0:04:30]} 44. Qf6 {[%emt 0:01:00]} Rg8 {[%emt 0:00:59]} 45. Nf5 {[%emt 0:00:39]} 1-0

[Event "WYCC 2018 O16"]
[Site "Halkidiki"]
[Date "2018.10.20"]
[Round "1"]
[White "Vestby-Ellingsen, Mads"]
[Black "Perez Perez, Gabriel"]
[Result "1-0"]
[WhiteElo "2410"]
[BlackElo "2125"]
[Annotator "TA"]
[PlyCount "123"]
[EventDate "2018.10.20"]
[EventType "swiss"]
[EventCountry "GRE"]
[SourceTitle "playchess.com"]
[Source "ChessBase"]
[SourceQuality "1"]

{[%evp 18,123,46,27,27,25,25,17,31,31,75,40,56,39,81,81,86,70,91,65,81,13,21,30,8,18,20,32,50,42,67,66,68,64,68,66,79,69,64,56,115,121,117,127,94,25,34,39,26,9,82,76,78,75,129,127,130,132,137,128,141,141,140,135,132,125,125,125,133,122,143,160,398,479,633,607,577,537,469,747,1013,812,640,583,1011,1025,864,806,683,654,1364,1382,1194,867,4802,2912,1627,2106,2883,2455,2491,2829,2347,1824,2236,2126,2120,1960]} 1. e4 c5 2. Nc3 Nc6 3. Nf3 g6 4. d4 cxd4 5. Nxd4 Bg7 6. Be3 Nf6 7. Bc4 O-O 8. Bb3 Qa5 9. O-O d6 10. Nd5 {[#] LiveBook: 30 Games. Threatens to win with Nxc6. B35: Sicilian: Accelerated Dragon with 5 Nc3: main line} Qd8 (10... Re8 11. Nxf6+ Bxf6 12. c3 Bd7 13. f4 Nxd4 14. cxd4 e6 15. e5 Bg7 16. Qd2 Qa6 17. Rac1 Rac8 {0-1 (40) Grischuk,A (2750)-Vachier Lagrave,M (2795) chess.com INT 2017}) 11. Nxf6+ Bxf6 12. Qd2 {White has an edge.} Bd7 13. c3 Ne5 14. h3 $146 ({Predecessor:} 14. Bh6 Re8 15. h3 Rc8 16. Rad1 b5 17. Kh1 Nc4 18. Bxc4 Rxc4 {0-1 (34) Balazec,L (1954)-Kopta,J (1960) Czechia 2013}) 14... b5 15. Qe2 Nc4 16. Bxc4 bxc4 17. Qxc4 Rb8 18. Qe2 Qc7 19. f3 ({White should play} 19. c4 $16) 19... e5 $11 20. Nb3 Bb5 21. c4 $1 {[%cal Rc4b5]} Qxc4 22. Qd2 Be7 23. Rfc1 Qe6 24. Bxa7 Ra8 25. Be3 Ra4 26. Rc3 Rb8 27. a3 Raa8 28. Nc1 Bc4 (28... Rd8 $14) 29. Nd3 $16 d5 30. exd5 Qxd5 31. Nxe5 (31. Rd1 $16) 31... Qxe5 $11 32. Rxc4 {Bd4 is the strong threat.} Rxb2 33. Qd4 Qxd4 (33... Bf6 $11 34. Qxe5 Bxe5) 34. Bxd4 $16 ({Of course not} 34. Rxd4 Rb3 $11) 34... Rd2 {Strongly threatening ...Rxd4!} 35. Kf1 Rxd4 ({Black should try} 35... Bf8) 36. Rxd4 {[%mdl 4096] Endgame And now Rd3 would win. KRR-KRB} Bf6 37. Rdd1 {aiming for Ra2.} Bxa1 38. Rxa1 {KR-KR} Kf8 39. a4 {[%cal Ba3a4,Ba4a5,Ba5a6][%mdl 32]} Ra5 40. Ke2 Ke7 41. Kd3 Kd6 42. Kc4 Kc6 43. Kb4 Rd5 44. a5 Rb5+ $2 (44... Kb7 $16) 45. Kc4 $18 Rc5+ {White is clearly winning.} 46. Kd4 Rd5+ 47. Ke4 f5+ 48. Kf4 Kb7 49. a6+ Ka7 50. Kg5 Rd2 51. g4 {[%cal Bg2g4,Bg4g5][%mdl 32]} Rd3 52. Kf4 Rd5 53. Ra4 Rc5 54. g5 Rd5 55. h4 Rd6 56. Ke5 Rd3 57. Kf6 Rd7 {[#]} 58. h5 $1 {[%mdl 512]} gxh5 59. Kxf5 Rf7+ 60. Ke4 h4 61. f4 Re7+ 62. Kf3 {Precision: White = 67%, Black = 28%.} 1-0

[Event "WYCC 2018 O16"]
[Site "Halkidiki"]
[Date "2018.10.20"]
[Round "1"]
[White "Teclaf, Pawel"]
[Black "Alivodic, Dario"]
[Result "1-0"]
[WhiteElo "2384"]
[BlackElo "2082"]
[Annotator "NA"]
[PlyCount "59"]
[EventDate "2018.10.20"]
[EventType "swiss"]
[EventCountry "GRE"]
[SourceTitle "playchess.com"]
[Source "ChessBase"]
[SourceQuality "1"]
[TimeControl "40/5400+30:1800+30"]

1. Nf3 {[%emt 0:00:00]} d5 {[%emt 0:00:00]} 2. g3 {[%emt 0:00:00]} c6 {[%emt 0:00:00]} 3. b3 {[%emt 0:01:59]} Nf6 {[%emt 0:00:03]} 4. Bb2 {[%emt 0:00:23]} Bf5 {[%emt 0:00:28]} 5. Bg2 {[%emt 0:00:14]} e6 {[%emt 0:01:31]} 6. O-O {[%emt 0:00:17]} Be7 {[%emt 0:00:07]} 7. d3 {[%emt 0:00:50]} h6 {[%emt 0:00:21]} 8. Nbd2 {[%emt 0:00:45]} O-O {[%emt 0:00:10]} 9. Re1 {[%emt 0:01:59]} Bh7 {[%emt 0:01:39]} 10. e4 {[%emt 0:00:48]} Qb6 {[%emt 0:01:28] A07: Réti Opening: New York and Capablanca Systems} (10... a5 11. a4 Na6 12. Qe2 Nb4 13. Rec1 Re8 14. h3 Qb6 15. e5 Nd7 16. Ne1 c5 17. Kh2 f6 18. exf6 Bxf6 19. Bxf6 Nxf6 {1-0 (48) Sjugirov,S (2677)-Burmakin,V (2494) St Petersburg 2018}) 11. Qe2 {[%emt 0:15:27]} Nbd7 {[%emt 0:00:49]} 12. h3 $146 ({Predecessor:} 12. Kh1 Rfd8 13. Rac1 a5 14. a3 Bf8 15. h3 a4 16. b4 c5 17. c3 {0-1 (35) Mainka,G (2345)-Boidman,Y (2432) Germany 2002}) 12... a5 {[%emt 0:03:03]} 13. a3 {[%emt 0:08:11]} a4 {[%emt 0:03:43]} (13... Rfd8 $11) 14. b4 {[%emt 0:01:45]} c5 {[%emt 0:04:55]} 15. exd5 {[%emt 0:00:57]} exd5 {[%emt 0:04:24]} 16. Qxe7 {[%emt 0:02:32]} Rfe8 {[%emt 0:00:11]} 17. Bxf6 {[%emt 0:00:02]} Rxe7 {[%emt 0:00:38]} 18. Bxe7 {[%emt 0:00:04]} cxb4 {[%emt 0:00:27]} 19. Bxb4 Rc8 {[%emt 0:00:24]} 20. Re7 {[%emt 0:05:31]} Nf6 {[%emt 0:00:55]} 21. Ne5 {[%emt 0:04:33]} Rxc2 {[%emt 0:02:26]} 22. Bxd5 {[%emt 0:03:49]} Bxd3 {[%emt 0:02:27]} 23. Bxf7+ {[%emt 0:03:15]} Kh7 {[%emt 0:00:52]} 24. Nxd3 $18 {[%emt 0:02:52]} Qd4 {[%emt 0:00:06]} 25. Rae1 {[%emt 0:03:17]} Qxd3 {[%emt 0:00:26]} 26. R7e3 {[%emt 0:03:42]} Qd8 {[%emt 0:07:09]} 27. Nf3 {[%emt 0:01:02]} b6 28. Ne5 {[%emt 0:00:44]} Rc7 {[%emt 0:01:45]} 29. Bg6+ {[%emt 0:00:10]} Kg8 30. Ng4 1-0